000 00636 a2200193 4500
999 _c7403
_d7403
020 _a9780981422190
050 _aHC 900 BOS 2011
100 _aBosi, Anton et al
_eauthor
245 _aMonitoring region integretion in Southern Africa year book :
_bvol.10 (2010)
_cAnton Bosi et.al
264 _aStellenbosch :
_bTralac
_c2011
300 _a171p. :
500 _aIncudes bibliographical references
650 _aMonitoring regional integration
700 _aPisani, Andre du
_eauthor
700 _aErasmus, Gerhard
_eauthor
700 _aHartzenberg, Trudi
_eauthor
700 _aSandrey, Ron
_eauthor
942 _2lcc
_cBK
_h900
_iBOS
_kHC